Представление документа в формате RUSMARC

ПолеНазваниеЗначение
  Тип записи a
  Библиографический уровень m
001 Контрольный номер RU/REG73/CBS_GRAD/1/712806413
005 Дата корректировки 20221122154833.8
010 Индекс ISBN __
a ISBN 978-5-04-157593-9
200 Заглавие и сведения об ответственности __
a Заглавие Большое путешествие по России с героями сказок
f Первые сведения об ответственности Наталья Андрианова
b Общее обозначение материала Текст
203 Вид содержания и тип средства __
a Вид содержания Текст (визуальный) : непосредственный
210 Выходные данные __
a Место издания Москва
c Издательство Эксмо
d Дата издания 2022
215 Физическое описание __
a Объем 176 с.
d Формат ил.
225 Серия __
a Серия Детские путеводители. Всегда на каникулах
333 Примечание о целевом назначении __
a Примечание о целевом назначении 12+
686 Индексы других классификаций __
a Классификационный индекс 26.89(2)
700 Автор __
a Фамилия Андрианова
g Полное личное имя Наталья Аркадьевна
801 Источник записи _0
a Страна RU
b Организация RuCBSGrad
g Правила каталогизации PSBO
801 Источник записи _1
a Страна RU
b Организация RuCBSGrad
g Правила каталогизации PSBO
901 Тип документа __
t Тип документа m
981 __
b i
2 isbdcontent
g e
982 __
b n
2 isbdmedia